|
|
|
|
| LEADER |
00000nam0a2200000 4500 |
| 001 |
62416 |
| 005 |
20231031063423.0 |
| 035 |
|
|
|a (RuTPU)RU\TPU\book\66183
|
| 090 |
|
|
|a 62416
|
| 100 |
|
|
|a 20040410d1977 km y0rusy50 ca
|
| 101 |
0 |
|
|a rus
|
| 102 |
|
|
|a RU
|
| 105 |
|
|
|a a z 001zy
|
| 200 |
1 |
|
|a Управление системами кондиционирования воздуха
|f А. А. Рымкевич, М. Б. Халамейзер
|
| 210 |
|
|
|a Москва
|c Машиностроение
|d 1977
|
| 215 |
|
|
|a 279 с.
|c ил.
|
| 320 |
|
|
|a Библиогр.: с. 277
|
| 610 |
1 |
|
|a автоматическое регулирование
|
| 610 |
1 |
|
|a схемы
|
| 610 |
1 |
|
|a математические модели
|
| 610 |
1 |
|
|a аналоговые модели
|
| 610 |
1 |
|
|a системы управления
|
| 610 |
1 |
|
|a воздух
|
| 610 |
1 |
|
|a кондиционирование
|
| 675 |
|
|
|a 697.94-52
|v 3
|
| 700 |
|
1 |
|a Рымкевич
|b А. А.
|g Адольф Адамович
|
| 701 |
|
1 |
|a Халамейзер
|b М. Б.
|g Михаил Борисович
|
| 801 |
|
1 |
|a RU
|b 63413507
|c 20040410
|g PSBO
|
| 801 |
|
2 |
|a RU
|b 63413507
|c 20161004
|g PSBO
|
| 942 |
|
|
|c BK
|